| 000 | 00516nam a2200169 i 4500 | ||
|---|---|---|---|
| 001 | 83584 | ||
| 003 | ES-MaACL | ||
| 007 | t| | ||
| 008 | 041117s1970 sp ||||1| spa d | ||
| 100 | 1 |
_aJacobowitz, Henry. _965845 |
|
| 245 | 1 | 0 |
_aElectricidad simplificada / _cpor Henry Jacobowitz ; [traducción, A.R. Lora]. |
| 250 | _a[5ª ed.]. | ||
| 260 |
_aMéxico : _bCompañía General de Ediciones, _c[1970] |
||
| 300 |
_a190 p. : _bil. ; _c26 cm. |
||
| 700 | 1 |
_aLora, A. R. _974053 |
|
| 852 |
_aES-MaACL _jE-9200 _bR.93533 |
||
| 999 |
_c83584 _d83584 |
||